|
|
|
|
| LEADER |
00000cam a2200000 7i4500 |
| 001 |
0000031224 |
| 005 |
20111012.0 |
| 008 |
111012 |
| 020 |
|
|
|a 9675997567
|
| 090 |
0 |
0 |
|a 923.7595
|b MUH
|
| 100 |
0 |
|
|a Muhamad Hafiz Ismail
|
| 245 |
1 |
0 |
|a Life through my eyes :
|b a teacher's little steps towards perfection
|c Muhamad Hafiz Ismail; edited by Dr Kit Thomas
|
| 260 |
|
|
|a Selangor :
|b MPH ,
|c 2011
|
| 650 |
|
0 |
|a Educators
|z Malaysia
|x Biography
|
| 650 |
|
0 |
|a Teachers
|z Malaysia
|x Biography
|
| 700 |
0 |
|
|a Thomas, Kit
|
| 999 |
|
|
|a 0001126086
|b Book
|c Adult Collection
|e Perbadanan Perpustakaan Awam Johor
|